[Event "14th EUR-ch"]
[Site "Legnica POL"]
[Date "2013.05.11"]
[Round "7"]
[White "Chubar, Vladimir"]
[Black "Hristodoulou, Panagiotis"]
[Result "1/2-1/2"]
[WhiteElo "2053"]
[BlackElo "2219"]
[EventDate "2013.05.05"]
[PlyCount "56"]

1.d4 Nf6 2.Nf3 g6 3.g3 Bg7 4.Bg2 O-O 5.O-O d6 6.Nc3 Nbd7 7.e4 e5 8.h3 c6 
9.a4 Qc7 10.Be3 Re8 11.dxe5 dxe5 12.Qd3 Bf8 13.Qc4 Nb6 14.Qe2 Be6 15.b3 
Bb4 16.Na2 Bf8 17.Ng5 Bd7 18.a5 Nc8 19.f4 h6 20.Nxf7 Kxf7 21.fxe5 Qxe5 22.
Qf2 c5 23.a6 Bc6 24.axb7 Bxb7 25.Bf4 Qd4 26.Be3 Qe5 27.Bf4 Qd4 28.Be3 Qe5 
1/2-1/2

[Event "14th EUR-ch"]
[Site "Legnica POL"]
[Date "2013.05.11"]
[Round "7"]
[White "Pavlicek, Miroslav"]
[Black "Goluch, Piotr"]
[Result "0-1"]
[WhiteElo "2014"]
[BlackElo "2215"]
[EventDate "2013.05.05"]
[PlyCount "80"]

1.e4 c5 2.Nf3 Nc6 3.Bb5 g6 4.Bxc6 dxc6 5.d3 Bg7 6.c3 e5 7.Be3 Qe7 8.O-O 
Nf6 9.h3 h6 10.Nbd2 O-O 11.Qc2 Nd7 12.d4 cxd4 13.cxd4 exd4 14.Bxd4 Bxd4 
15.Nxd4 Qc5 16.Qc4 Rd8 17.Rad1 Qe5 18.f4 Qe7 19.Qe2 Nc5 20.Qe3 Na4 21.b3 
Nb6 22.N2f3 Nd5 23.Qe1 Nxf4 24.Qe3 g5 25.Nh4 Qc5 26.Qf2 Rxd4 27.Nf3 Ne2+ 
28.Kh2 Rxd1 29.Qxc5 Rxf1 30.Qc4 Rxf3 31.gxf3 Nf4 32.Qb4 Bxh3 33.Qxb7 Rd8 
34.Qxa7 Rd2+ 35.Kh1 Rg2 36.Qb8+ Kg7 37.Qe5+ Kg6 38.Qd6+ Kh5 39.Qd1 Ne2 40.
f4 g4 0-1

[Event "14th EUR-ch"]
[Site "Legnica POL"]
[Date "2013.05.11"]
[Round "7"]
[White "Wenzel, Birger"]
[Black "Posedaru, Bogdan"]
[Result "0-1"]
[WhiteElo "2110"]
[BlackElo "2339"]
[EventDate "2013.05.05"]
[PlyCount "83"]

1.d4 Nf6 2.c4 g6 3.Nf3 d6 4.g3 Bg7 5.Bg2 O-O 6.O-O Nc6 7.Nc3 a6 8.Qd3 e5 
9.dxe5 dxe5 10.Qxd8 Rxd8 11.Bg5 Re8 12.Rfd1 h6 13.Bxf6 Bxf6 14.Nd5 Bd8 15.
Rac1 a5 16.Nc3 Bg4 17.b3 Rc8 18.Rd5 Bf6 19.h3 Be6 20.Rdd1 Bg7 21.Nd5 e4 
22.Ne1 f5 23.Nf4 Bf7 24.Nc2 a4 25.Rb1 axb3 26.axb3 Ne5 27.Ne3 c6 28.h4 Ra8
29.Bf1 Bf6 30.c5 g5 31.hxg5 hxg5 32.Nfg2 Be6 33.b4 Ng6 34.Rdc1 Ba2 35.Nxf5
Bxb1 36.Rxb1 Ra1 37.Rxa1 Bxa1 38.Nd6 Re7 39.Ne3 Bc3 40.b5 Re5 41.bxc6 bxc6
42.Bg2 
    {...}
0-1

[Event "14th EUR-ch"]
[Site "Legnica POL"]
[Date "2013.05.11"]
[Round "7"]
[White "Wolff, Peter"]
[Black "Rindlisbacher, Jan"]
[Result "0-1"]
[WhiteElo "1962"]
[BlackElo "2241"]
[EventDate "2013.05.05"]
[PlyCount "65"]

1.c4 Nf6 2.g3 g6 3.Bg2 Bg7 4.Nc3 O-O 5.e4 d6 6.Nge2 c5 7.O-O Nc6 8.h3 Rb8 
9.d3 a6 10.Be3 b5 11.cxb5 axb5 12.Qd2 b4 13.Nd1 Ba6 14.f4 Qb6 15.Nf2 Nd7 
16.Rfd1 Rfc8 17.Ng4 Qb5 18.Bf1 Nd4 19.Nxd4 cxd4 20.Bf2 b3 21.a4 Qb4 22.
Qxb4 Rxb4 23.Be1 Rbb8 24.Rdc1 Rxc1 25.Rxc1 Nc5 26.Ra1 Bxd3 27.e5 Bxf1 28.
Kxf1 h5 29.exd6 hxg4 30.dxe7 Bf6 31.Bb4 Bxe7 32.Bxc5 Bxc5 33.hxg4 0-1

[Event "14th EUR-ch"]
[Site "Legnica POL"]
[Date "2013.05.11"]
[Round "7"]
[White "Korcz, Daniel"]
[Black "Krnic, Ivan"]
[Result "0-1"]
[WhiteElo "1855"]
[BlackElo "2166"]
[EventDate "2013.05.05"]
[PlyCount "54"]

1.e4 c5 2.Nf3 g6 3.d4 cxd4 4.Nxd4 Bg7 5.Nc3 Nc6 6.Be3 Nf6 7.Qd2 O-O 8.f3 
d5 9.Nxd5 Nxd5 10.exd5 Qxd5 11.Nxc6 Qxc6 12.O-O-O Bf5 13.Bd3 Rfd8 14.Qe2 
Qf6 15.c3 Rdc8 16.Bxf5 Qxf5 17.Qd3 Qa5 18.Kb1 b5 19.Qe4 Rab8 20.Rd7 b4 21.
Rxa7 Qb5 22.Qxe7 Qf5+ 23.Qe4 bxc3 24.Qxf5 Rxb2+ 25.Kc1 gxf5 26.Ra3 c2 27.
Rb3 Rxa2 0-1

[Event "14th EUR-ch"]
[Site "Legnica POL"]
[Date "2013.05.11"]
[Round "7"]
[White "Xylogiannopoulos, Antonios"]
[Black "Guzewicz, Rafal"]
[Result "1-0"]
[WhiteElo "2147"]
[BlackElo "1942"]
[EventDate "2013.05.05"]
[PlyCount "57"]

1.d4 d5 2.c4 c6 3.cxd5 cxd5 4.Nc3 Nf6 5.Bf4 Qb6 6.Qd2 Nc6 7.e3 Bf5 8.Bb5 
e6 9.a3 Nh5 10.Bg5 f6 11.Bh4 g5 12.Qe2 Bg6 13.Bg3 Nxg3 14.hxg3 Kf7 15.Rc1 
Rc8 16.Bd3 Be7 17.f4 Na5 18.fxg5 fxg5 19.Nf3 Bxd3 20.Ne5+ Kg7 21.Nxd3 Nc4 
22.O-O Rhf8 23.Kh2 Rf6 24.Rxf6 Bxf6 25.Rf1 Nxb2 26.Nxb2 Rxc3 27.Na4 Qb3 
28.Nxc3 Qxc3 29.Qf2 1-0

[Event "14th EUR-ch"]
[Site "Legnica POL"]
[Date "2013.05.11"]
[Round "7"]
[White "Zemlicka, Vit"]
[Black "Skytte, Torill"]
[Result "0-1"]
[WhiteElo "2049"]
[BlackElo "1922"]
[EventDate "2013.05.05"]
[PlyCount "130"]

1.e4 e6 2.d4 d5 3.Nc3 Nf6 4.e5 Nfd7 5.f4 c5 6.Nf3 Nc6 7.Be3 Be7 8.Qd2 O-O 
9.Be2 b6 10.O-O f5 11.exf6 Nxf6 12.h3 Bb7 13.Qe1 cxd4 14.Nxd4 Nxd4 15.Bxd4
Bc5 16.Rd1 Qe7 17.Bf3 Rae8 18.Qe3 Bc6 19.Ne2 Bb5 20.Rfe1 Qc7 21.c3 Nd7 22.
b4 Bd6 23.g3 Bc4 24.Qd2 e5 25.Be3 e4 26.Bg2 Nf6 27.Nd4 Qf7 28.Bf1 Bxf1 29.
Rxf1 Qg6 30.Qg2 Rc8 31.Ne2 Qe8 32.Bd4 Qc6 33.Kh2 Be7 34.Qf2 Rcd8 35.Qe3 
Ne8 36.Be5 Bf6 37.Nd4 Qd7 38.Bxf6 Rxf6 39.f5 Nc7 40.Rf4 Rc8 41.Qe2 Ne8 42.
Rc1 Nd6 43.g4 Nc4 44.Qf2 Ne5 45.Qg3 Nd3 46.Rcf1 Nxf4 47.Rxf4 Qa4 48.g5 
Rff8 49.Rf2 Qe8 50.Ne6 Rf7 51.Qe5 Qc6 52.Nd4 Qc7 53.Qxc7 Rcxc7 54.Ne2 Rc4 
55.Kg3 h6 56.h4 a5 57.a3 Kf8 58.Rf4 Ke7 59.Kf2 hxg5 60.hxg5 Kd6 61.Ke3 Ke5
62.f6 gxf6 63.gxf6 Rxf6 64.Rh4 Rf3+ 65.Kd2 e3+ 0-1

[Event "14th EUR-ch"]
[Site "Legnica POL"]
[Date "2013.05.11"]
[Round "7"]
[White "Zahariev, Ognyan"]
[Black "Szonyi, Bence"]
[Result "1-0"]
[WhiteElo "1913"]
[BlackElo "1651"]
[EventDate "2013.05.05"]
[PlyCount "81"]

1.e4 e6 2.d4 d5 3.e5 c5 4.c3 Nc6 5.Be3 cxd4 6.cxd4 Bb4+ 7.Nc3 Qa5 8.Qd2 
Bd7 9.Nh3 Nge7 10.Be2 O-O-O 11.O-O f6 12.f4 Nf5 13.a3 Bxc3 14.bxc3 Nxe3 
15.Qxe3 Ne7 16.Nf2 Nf5 17.Qd2 fxe5 18.fxe5 Bb5 19.Nd3 Bxd3 20.Qxd3 Kb8 21.
a4 Rc8 22.Rf3 Rc4 23.Bd1 Rhc8 24.Ra3 Nxd4 25.cxd4 Qe1+ 26.Rf1 Qh4 27.a5 
Rxd4 28.Qb1 Rb4 29.Qa1 Rf4 30.Raf3 Rxf3 31.Bxf3 Qc4 32.Rb1 Qc5+ 33.Kh1 Qc3
34.Qxc3 Rxc3 35.a6 b6 36.Bg4 Re3 37.Bxe6 Rxe5 38.Bg4 Kc7 39.Rc1+ Kd6 40.
Kg1 d4 41.Bf3 1-0

[Event "14th EUR-ch"]
[Site "Legnica POL"]
[Date "2013.05.13"]
[Round "8"]
[White "Lysyi, Igor"]
[Black "Alexeev, Evgeny"]
[Result "1/2-1/2"]
[WhiteElo "2641"]
[BlackElo "2700"]
[EventDate "2013.05.05"]
[PlyCount "75"]

1.d4 Nf6 2.c4 e6 3.Nf3 d5 4.Nc3 Bb4 5.cxd5 exd5 6.Bg5 Nbd7 7.e3 c5 8.dxc5 
Qa5 9.Nd2 Bxc3 10.bxc3 O-O 11.Qc2 Qxc5 12.Be2 b6 13.O-O Bb7 14.a4 Rac8 15.
Rfc1 Ne4 16.Nxe4 dxe4 17.Bf4 Ne5 18.a5 bxa5 19.c4 Nd3 20.Bxd3 exd3 21.Qxd3
Rfd8 22.Qc3 a4 23.f3 Bc6 24.Be5 f6 25.Bd4 Qg5 26.Kh1 Rd7 27.Qe1 h5 28.h4 
Qf5 29.Rd1 Kh7 30.Rac1 Rb8 31.e4 Qg6 32.Ba1 Rbd8 33.Rxd7 Rxd7 34.Bc3 Qf7 
35.Ba1 Qg6 36.Bc3 Qf7 37.Ba1 Qg6 38.Bc3 1/2-1/2

[Event "14th EUR-ch"]
[Site "Legnica POL"]
[Date "2013.05.13"]
[Round "8"]
[White "Vallejo Pons, Francisco"]
[Black "Beliavsky, Alexander"]
[Result "1/2-1/2"]
[WhiteElo "2695"]
[BlackElo "2628"]
[EventDate "2013.05.05"]
[PlyCount "64"]

1.Nf3 d5 2.d4 Nf6 3.c4 c6 4.Nc3 dxc4 5.a4 Bf5 6.e3 e6 7.Bxc4 Bb4 8.O-O 
Nbd7 9.Qe2 Bg6 10.e4 Bxc3 11.bxc3 Nxe4 12.Ba3 Qc7 13.Rfc1 c5 14.Bb5 O-O 
15.Bxd7 Qxd7 16.Ne5 Qd5 17.f3 Nf6 18.Bxc5 Rfc8 19.a5 b6 20.Be7 Nd7 21.Bb4 
Nxe5 22.Qxe5 Qc4 23.Qe1 h5 24.axb6 axb6 25.Rxa8 Rxa8 26.Ra1 Rxa1 27.Qxa1 
Qe2 28.Qf1 Qe3+ 29.Qf2 Qc1+ 30.Qf1 Qe3+ 31.Qf2 Qc1+ 32.Qf1 Qe3+ 1/2-1/2

[Event "14th EUR-ch"]
[Site "Legnica POL"]
[Date "2013.05.13"]
[Round "8"]
[White "Fedorchuk, Serhii"]
[Black "Lupulescu, Constantin"]
[Result "0-1"]
[WhiteElo "2660"]
[BlackElo "2634"]
[EventDate "2013.05.05"]
[PlyCount "88"]

1.e4 c6 2.d4 d5 3.e5 c5 4.dxc5 Nc6 5.Nf3 Bg4 6.c3 e6 7.b4 a6 8.Nbd2 Nxe5 
9.h3 Nxf3+ 10.Nxf3 Bxf3 11.Qxf3 g6 12.Be2 Bg7 13.O-O Ne7 14.Bg5 O-O 15.
Rad1 Qc7 16.c4 d4 17.Bf6 Nc6 18.a3 Rfe8 19.Rfe1 e5 20.Bd3 a5 21.b5 Nd8 22.
Bxg7 Kxg7 23.Qd5 Rc8 24.Bf1 Kf8 25.c6 bxc6 26.Qc5+ Re7 27.f4 f6 28.fxe5 
fxe5 29.Bd3 Nb7 30.Qa7 cxb5 31.cxb5 Nc5 32.Qxc7 Rcxc7 33.Bc4 Na4 34.Bf1 
Rcd7 35.Rb1 d3 36.Rb3 e4 37.b6 Rb7 38.Reb1 Re6 39.Re1 Ke7 40.Kf2 Rbxb6 41.
Rxb6 Nxb6 42.Ke3 Nc4+ 43.Kd4 Nd6 44.g4 Nb5+ 0-1

[Event "14th EUR-ch"]
[Site "Legnica POL"]
[Date "2013.05.13"]
[Round "8"]
[White "Rodshtein, Maxim"]
[Black "Vachier-Lagrave, Maxime"]
[Result "1-0"]
[WhiteElo "2638"]
[BlackElo "2718"]
[EventDate "2013.05.05"]
[PlyCount "89"]

1.d4 Nf6 2.c4 g6 3.g3 Bg7 4.Bg2 O-O 5.Nc3 Nc6 6.Nf3 d5 7.cxd5 Nxd5 8.O-O 
Bf5 9.Nd2 Ndb4 10.e4 Bc8 11.d5 Nd4 12.Nb3 e5 13.Ne2 c5 14.Nexd4 cxd4 15.
Bd2 Qb6 16.a3 Na6 17.Na5 Qxb2 18.Qe2 Bg4 19.Qxg4 Qxd2 20.Nxb7 Rac8 21.Rfd1
Qc2 22.Nd6 Rcd8 23.Rdc1 Qa4 24.Nc8 h5 25.Ne7+ Kh7 26.Qe2 Nb8 27.Bh3 Bf6 
28.Rc7 Qa5 29.Qc4 Kg7 30.Rb1 d3 31.Rd1 Bxe7 32.Rxe7 Qxa3 33.Rb7 Na6 34.
Rxa7 Ra8 35.Rxa8 Rxa8 36.Rxd3 Qa5 37.Qc3 Nc5 38.Qxe5+ Kg8 39.Rd1 Qa4 40.
Qd4 Qc2 41.d6 Nxe4 42.d7 Rd8 43.Re1 f5 44.Qb6 Kg7 45.Rxe4 1-0

[Event "14th EUR-ch"]
[Site "Legnica POL"]
[Date "2013.05.13"]
[Round "8"]
[White "Areschenko, Alexander"]
[Black "l`Ami, Erwin"]
[Result "1-0"]
[WhiteElo "2709"]
[BlackElo "2634"]
[EventDate "2013.05.05"]
[PlyCount "57"]

1.e4 e6 2.d4 d5 3.e5 c5 4.c3 Qb6 5.Nf3 Bd7 6.a3 Bb5 7.dxc5 Bxc5 8.Bxb5+ 
Qxb5 9.b4 Bb6 10.a4 Qd7 11.O-O Ne7 12.a5 Bc7 13.Bf4 O-O 14.Re1 Nbc6 15.
Nbd2 Ng6 16.Bg3 Rae8 17.Nb3 f5 18.exf6 Bxg3 19.hxg3 gxf6 20.b5 Nce5 21.
Nfd4 b6 22.axb6 axb6 23.Ra6 Qd6 24.Nc6 Ra8 25.Nbd4 Rxa6 26.bxa6 Qd7 27.Nb4
Re8 28.f4 Nc4 29.Rxe6 1-0

[Event "14th EUR-ch"]
[Site "Legnica POL"]
[Date "2013.05.13"]
[Round "8"]
[White "Postny, Evgeny"]
[Black "Wojtaszek, Radoslaw"]
[Result "1/2-1/2"]
[WhiteElo "2637"]
[BlackElo "2701"]
[EventDate "2013.05.05"]
[PlyCount "81"]

1.d4 Nf6 2.c4 e6 3.Nf3 d5 4.Nc3 Bb4 5.Bg5 h6 6.Bxf6 Qxf6 7.Qa4+ Nc6 8.e3 
O-O 9.Be2 Bd7 10.Qb3 dxc4 11.Qxc4 Qe7 12.O-O Na5 13.Qd3 c5 14.a3 c4 15.Qc2
Bd6 16.Ne4 Rac8 17.Nxd6 Qxd6 18.Qc3 Nb3 19.Rae1 b5 20.Ne5 a5 21.Nxd7 Qxd7 
22.Bd1 a4 23.Bf3 Qd6 24.Rd1 Rb8 25.Rfe1 Rfd8 26.h3 b4 27.Qxc4 Rdc8 28.Qd3 
bxa3 29.bxa3 Qxa3 30.d5 exd5 31.Bxd5 Qb4 32.Rb1 Rc7 33.g3 Qb5 34.Red1 Qxd3
35.Rxd3 Kf8 36.Kg2 Ke7 37.Bxb3 Rcb7 38.Rd4 axb3 39.Rb2 h5 40.h4 g6 41.Kf3 
1/2-1/2

[Event "14th EUR-ch"]
[Site "Legnica POL"]
[Date "2013.05.13"]
[Round "8"]
[White "Navara, David"]
[Black "Stevic, Hrvoje"]
[Result "1-0"]
[WhiteElo "2697"]
[BlackElo "2637"]
[EventDate "2013.05.05"]
[PlyCount "73"]

1.d4 d5 2.c4 dxc4 3.e4 e5 4.Nf3 Bb4+ 5.Bd2 Bxd2+ 6.Nbxd2 exd4 7.Bxc4 Nc6 
8.O-O Nf6 9.e5 Ng4 10.h3 Nh6 11.Nb3 Nf5 12.Bb5 Qd5 13.Bxc6+ Qxc6 14.Rc1 
Qb6 15.Qc2 Be6 16.Qxc7 d3 17.Kh2 O-O 18.g4 Bd5 19.Nfd2 Qh6 20.e6 fxe6 21.
gxf5 Rxf5 22.f3 e5 23.Rg1 Rh5 24.Qd7 Be6 25.Rxg7+ Kh8 26.Rxh7+ Qxh7 27.
Qxe6 Rf8 28.Ne4 Qh6 29.Qxh6+ Rxh6 30.Nbd2 Rg6 31.Rc3 Rfg8 32.h4 Rg2+ 33.
Kh3 Rg1 34.Ng5 Kg7 35.Rxd3 Kg6 36.Nde4 Kf5 37.Ng3+ 1-0

[Event "14th EUR-ch"]
[Site "Legnica POL"]
[Date "2013.05.13"]
[Round "8"]
[White "Hracek, Zbynek"]
[Black "Almasi, Zoltan"]
[Result "1-0"]
[WhiteElo "2628"]
[BlackElo "2695"]
[EventDate "2013.05.05"]
[PlyCount "81"]

1.e4 e5 2.Nf3 Nc6 3.Bb5 a6 4.Ba4 Nf6 5.O-O Be7 6.d3 d6 7.c3 O-O 8.Re1 Re8 
9.Nbd2 Bf8 10.Nf1 h6 11.Ng3 b5 12.Bc2 d5 13.exd5 Nxd5 14.Bb3 Nf6 15.Be3 
Na5 16.Bc2 c5 17.a3 Nd5 18.Bd2 Nc6 19.b4 cxb4 20.axb4 Qc7 21.Ne4 Be6 22.
Nc5 Bxc5 23.bxc5 Bg4 24.h3 Bh5 25.g4 Bg6 26.Nh4 b4 27.cxb4 Bh7 28.Ba4 Bxd3
29.Qb3 Rad8 30.Qxd3 Ndxb4 31.Qe2 Nd3 32.Red1 e4 33.Bxc6 Qxc6 34.Be3 g6 35.
Ng2 Qf6 36.Ne1 h5 37.gxh5 Ne5 38.Rxd8 Rxd8 39.Rxa6 Nf3+ 40.Nxf3 exf3 41.
Qc4 1-0

[Event "14th EUR-ch"]
[Site "Legnica POL"]
[Date "2013.05.13"]
[Round "8"]
[White "Tkachiev, Vladislav"]
[Black "Movsesian, Sergei"]
[Result "1/2-1/2"]
[WhiteElo "2632"]
[BlackElo "2693"]
[EventDate "2013.05.05"]
[PlyCount "72"]

1.Nf3 d5 2.d4 Nf6 3.c4 c6 4.g3 Bg4 5.Bg2 e6 6.Qb3 Qb6 7.Nc3 Nbd7 8.O-O Be7
9.Re1 O-O 10.c5 Qxb3 11.axb3 a6 12.b4 Rfe8 13.Bf4 Bxf3 14.Bxf3 Rac8 15.g4 
h6 16.h4 Bd8 17.e3 e5 18.Bg3 g5 19.hxg5 hxg5 20.dxe5 Nxe5 21.Bxe5 Rxe5 22.
Ne2 Ne8 23.Ng3 Ng7 24.Be2 Bf6 25.Bd3 Re7 26.Re2 Be5 27.Nf5 Nxf5 28.Bxf5 
Rce8 29.Kg2 Bf6 30.Kf3 Kg7 31.Rh1 d4 32.Rh7+ Kg8 33.Rh6 Kg7 34.Rh7+ Kg8 
35.Rh6 Kg7 36.Rh7+ Kg8 1/2-1/2

[Event "14th EUR-ch"]
[Site "Legnica POL"]
[Date "2013.05.13"]
[Round "8"]
[White "Laznicka, Viktor"]
[Black "Dubov, Daniil"]
[Result "1-0"]
[WhiteElo "2679"]
[BlackElo "2622"]
[EventDate "2013.05.05"]
[PlyCount "71"]

1.e4 c5 2.c3 g6 3.d4 cxd4 4.cxd4 d5 5.e5 Nc6 6.Nc3 Nh6 7.Bf4 Bg7 8.Qd2 Nf5
9.Nf3 e6 10.Bb5 Bd7 11.Bxc6 Bxc6 12.Bg5 Qb6 13.g4 Ne7 14.O-O-O h6 15.Bh4 
Qc7 16.Kb1 Qd7 17.Rc1 Rc8 18.Rhe1 Kf8 19.Bf6 Bxf6 20.exf6 Ng8 21.Ne5 Qd8 
22.Nb5 Nxf6 23.Nxa7 Ra8 24.Naxc6 bxc6 25.Rxc6 Ra7 26.f3 Kg7 27.Rec1 Qb8 
28.Qc2 Qb5 29.Rc7 Rxc7 30.Qxc7 Rf8 31.a3 Qe2 32.Qa7 Nh7 33.Rc7 Ng5 34.h4 
Qe1+ 35.Ka2 Qxh4 36.f4 1-0

[Event "14th EUR-ch"]
[Site "Legnica POL"]
[Date "2013.05.13"]
[Round "8"]
[White "Guseinov, Gadir"]
[Black "Sargissian, Gabriel"]
[Result "1/2-1/2"]
[WhiteElo "2623"]
[BlackElo "2667"]
[EventDate "2013.05.05"]
[PlyCount "92"]

1.e4 e5 2.Nf3 Nc6 3.Bb5 a6 4.Bxc6 dxc6 5.O-O Bg4 6.h3 h5 7.d3 Qf6 8.Nbd2 
Ne7 9.Re1 Ng6 10.d4 Nf4 11.hxg4 hxg4 12.g3 gxf3 13.Qxf3 Ne6 14.dxe5 Qxe5 
15.Nb3 Bd6 16.Kg2 c5 17.Bd2 c4 18.Bc3 Qh5 19.Qxh5 Rxh5 20.Nd4 Nxd4 21.Bxd4
f6 22.Rh1 Rxh1 23.Rxh1 Kf7 24.f4 b5 25.Kf3 a5 26.Rh5 c6 27.a3 a4 28.c3 Rd8
29.Ke2 Kg6 30.Rh1 Be7 31.Be3 c5 32.g4 b4 33.Rd1 Rxd1 34.Kxd1 bxa3 35.bxa3 
Kf7 36.Ke2 g5 37.e5 fxe5 38.fxg5 e4 39.Bf4 Ke6 40.Kf2 Bf8 41.Bc7 Bg7 42.
Ba5 Be5 43.Ke3 Kd5 44.g6 Bf6 45.Kf4 Be5+ 46.Ke3 Bf6 1/2-1/2

[Event "14th EUR-ch"]
[Site "Legnica POL"]
[Date "2013.05.13"]
[Round "8"]
[White "Melkumian, Hrant"]
[Black "Ragger, Markus"]
[Result "1-0"]
[WhiteElo "2622"]
[BlackElo "2666"]
[EventDate "2013.05.05"]
[PlyCount "139"]

1.d4 d5 2.c4 c6 3.cxd5 cxd5 4.Bf4 Nc6 5.e3 Nf6 6.Nc3 Bf5 7.Qb3 Na5 8.Qa4+ 
Bd7 9.Qc2 Rc8 10.Bd3 e6 11.Nf3 Nc6 12.a3 Nh5 13.Bg5 Be7 14.Bxe7 Qxe7 15.
O-O Nf6 16.h3 e5 17.dxe5 Nxe5 18.Nxe5 Qxe5 19.Qb3 O-O 20.Qb4 Rc7 21.Rae1 
Re8 22.Qh4 h6 23.Rd1 a6 24.Rd2 Bf5 25.Bxf5 Qxf5 26.Qb4 Rec8 27.Rd4 b5 28.
Qa5 Qe6 29.Rfd1 Rc5 30.a4 bxa4 31.Qxa4 Rc4 32.Qb3 Rxd4 33.Rxd4 Qe5 34.Qa3 
Rc6 35.Qb3 Rc8 36.Rd2 Qf5 37.Qd1 Rc5 38.f3 Qe5 39.Kf2 Rc4 40.Qb3 Qf5 41.
Nxd5 Ne4+ 42.Ke2 Ng3+ 43.Ke1 Rc1+ 44.Rd1 Qb1 45.Rxc1 Qxc1+ 46.Kf2 Nh1+ 47.
Ke2 Ng3+ 48.Kd3 Qf1+ 49.Kc3 Qe1+ 50.Kc4 Nf5 51.Qd3 Nd6+ 52.Kb3 Nb7 53.Qc2 
Nd6 54.Qc6 Qd1+ 55.Ka2 Nb5 56.Qc4 Qd2 57.g4 Qa5+ 58.Kb3 Qd2 59.h4 Qd1+ 60.
Ka2 Nd6 61.Qb3 Qxb3+ 62.Kxb3 h5 63.Kb4 g5 64.hxg5 hxg4 65.Nf6+ Kg7 66.Nxg4
Kg6 67.Kc5 Nf5 68.f4 Kh5 69.Nf6+ Kg6 70.Nd5 1-0

[Event "14th EUR-ch"]
[Site "Legnica POL"]
[Date "2013.05.13"]
[Round "8"]
[White "Khalifman, Alexander"]
[Black "Siugirov, Sanan"]
[Result "1/2-1/2"]
[WhiteElo "2614"]
[BlackElo "2654"]
[EventDate "2013.05.05"]
[PlyCount "80"]

1.e4 c6 2.d4 d5 3.e5 Bf5 4.Nf3 e6 5.Be2 Nd7 6.O-O Bg6 7.Nbd2 Nh6 8.Nb3 Nf5
9.Bd2 Be7 10.g4 Nh4 11.Nxh4 Bxh4 12.f4 f5 13.exf6 Qxf6 14.g5 Qf7 15.Na5 
Nb6 16.Bd3 Bh5 17.Nxb7 Nc8 18.Be2 Bxe2 19.Qxe2 Qxb7 20.Qh5+ Qf7 21.Qxh4 
Nd6 22.Bb4 Ne4 23.c4 a5 24.Ba3 Qf5 25.cxd5 cxd5 26.Rac1 Kd7 27.Qh5 Rhc8 
28.Qe2 Ke8 29.Qh5+ Kd7 30.Qe2 Ke8 31.Qb5+ Kf7 32.Rxc8 Rxc8 33.Qd7+ Kg6 34.
Qxc8 Qg4+ 35.Kh1 Nf2+ 36.Rxf2 Qd1+ 37.Kg2 Qg4+ 38.Kf1 Qd1+ 39.Kg2 Qg4+ 40.
Kf1 Qd1+ 1/2-1/2

[Event "14th EUR-ch"]
[Site "Legnica POL"]
[Date "2013.05.13"]
[Round "8"]
[White "Mastrovasilis, Dimitrios"]
[Black "Istratescu, Andrei"]
[Result "1/2-1/2"]
[WhiteElo "2610"]
[BlackElo "2651"]
[EventDate "2013.05.05"]
[PlyCount "130"]

1.e4 e6 2.d4 d5 3.Nc3 Bb4 4.e5 c5 5.Bd2 cxd4 6.Nb5 Bc5 7.Qg4 g6 8.b4 Bf8 
9.Nxd4 Qc7 10.Ngf3 a6 11.Bd3 Nd7 12.O-O Bg7 13.Qg3 Nxe5 14.Kh1 f6 15.Bf4 
Nh6 16.Qh3 Nf5 17.Nxf5 exf5 18.Rae1 O-O 19.Qg3 Re8 20.h4 Bd7 21.h5 Qc3 22.
Bd2 Qc6 23.h6 Nxd3 24.cxd3 Bf8 25.Rc1 Qb6 26.a3 Rac8 27.Be3 Qd6 28.Bf4 Qe7
29.Rxc8 Rxc8 30.Re1 Qd8 31.Nd4 Qb6 32.Be3 Re8 33.Rc1 Qd6 34.Bf4 Qe7 35.Qf3
Qf7 36.Rc7 g5 37.Bd2 f4 38.Rxb7 Bxh6 39.g4 Bf8 40.Kg1 Re7 41.Bc3 h5 42.
gxh5 Bh6 43.Qd1 Kh7 44.a4 Bh3 45.Rxe7 Qxe7 46.Qe2 Qd7 47.b5 axb5 48.axb5 
Bf8 49.Nc6 Qf5 50.Nd4 Qc8 51.Nc6 Bg7 52.Qf3 Qd7 53.Qe2 Bg4 54.Qe7 Qf5 55.
Qf7 d4 56.Bxd4 Bf3 57.Qg6+ Qxg6 58.hxg6+ Kxg6 59.Bc5 Kf7 60.Nd4 Ba8 61.b6 
f5 62.Nxf5 Be5 63.d4 Ke6 64.dxe5 Kxf5 65.Bd6 g4 1/2-1/2

[Event "14th EUR-ch"]
[Site "Legnica POL"]
[Date "2013.05.13"]
[Round "8"]
[White "Kravtsiv, Martyn"]
[Black "Mamedov, Rauf"]
[Result "1/2-1/2"]
[WhiteElo "2595"]
[BlackElo "2649"]
[EventDate "2013.05.05"]
[PlyCount "80"]

1.e4 c5 2.Nf3 Nc6 3.d4 cxd4 4.Nxd4 Nf6 5.Nc3 e5 6.Ndb5 d6 7.Bg5 a6 8.Na3 
Be6 9.Nc4 Rc8 10.Ne3 Be7 11.Bc4 O-O 12.O-O b5 13.Bb3 Nd4 14.Bxf6 Bxf6 15.
Ncd5 Bg5 16.c3 Nxb3 17.axb3 a5 18.Re1 g6 19.b4 Bxe3 20.Rxe3 Bxd5 21.Qxd5 
axb4 22.Qxb5 bxc3 23.bxc3 Rc5 24.Qd3 Qc7 25.Rd1 Rc8 26.Qxd6 Qxd6 27.Rxd6 
Rxc3 28.Rxc3 Rxc3 29.f3 Kg7 30.Kf2 Rc2+ 31.Kg3 h5 32.h4 Ra2 33.Rd5 Kf6 34.
Rd6+ Ke7 35.Rb6 Rc2 36.Rb7+ Ke6 37.Rb6+ Ke7 38.Rb7+ Ke6 39.Rb6+ Ke7 40.
Rb7+ Ke6 1/2-1/2

[Event "14th EUR-ch"]
[Site "Legnica POL"]
[Date "2013.05.13"]
[Round "8"]
[White "Petrosian, Tigran L."]
[Black "Popov, Ivan"]
[Result "1/2-1/2"]
[WhiteElo "2645"]
[BlackElo "2620"]
[EventDate "2013.05.05"]
[PlyCount "107"]

1.c4 Nf6 2.Nc3 e5 3.Nf3 Nc6 4.g3 Bb4 5.Bg2 O-O 6.O-O d6 7.d3 h6 8.Nd5 Bc5 
9.a3 a5 10.Bd2 Nxd5 11.cxd5 Nd4 12.Nxd4 Bxd4 13.e3 Bb6 14.f4 Bf5 15.Qb3 
Qd7 16.Kh1 a4 17.Qc4 f6 18.e4 Bg6 19.Bc3 Bf7 20.d4 exd4 21.Bxd4 c5 22.Bc3 
Ba5 23.Bxa5 Rxa5 24.e5 fxe5 25.fxe5 dxe5 26.Rae1 Qd6 27.Kg1 Raa8 28.Rf5 
Rfe8 29.Qc3 e4 30.Rxe4 Rxe4 31.Bxe4 Re8 32.Bg2 b5 33.Rf1 Bg6 34.Re1 Rxe1+ 
35.Qxe1 b4 36.Qc1 Qe5 37.Qxc5 Qxb2 38.d6 Qa1+ 39.Bf1 Qd1 40.Qc4+ Kh7 41.
Qxb4 Bd3 42.Qf4 Bxf1 43.Qf5+ Kh8 44.Qf8+ Kh7 45.Qf5+ Kh8 46.Qxf1 Qxd6 47.
Qf3 Qc5+ 48.Kg2 Qc2+ 49.Kh3 Kh7 50.Qe3 Kg6 51.Qe6+ Kg5 52.Qe7+ Kg6 53.Qe6+
Kg5 54.Qe7+ 1/2-1/2

[Event "14th EUR-ch"]
[Site "Legnica POL"]
[Date "2013.05.13"]
[Round "8"]
[White "Balogh, Csaba"]
[Black "Iordachescu, Viorel"]
[Result "1-0"]
[WhiteElo "2644"]
[BlackElo "2582"]
[EventDate "2013.05.05"]
[PlyCount "107"]

1.e4 e5 2.Nf3 Nc6 3.Bb5 a6 4.Ba4 Nf6 5.O-O Nxe4 6.d4 b5 7.Bb3 d5 8.dxe5 
Be6 9.Nbd2 Nc5 10.c3 Be7 11.Bc2 Bg4 12.h3 Bh5 13.Re1 Qd7 14.Nf1 Rd8 15.g4 
Bg6 16.Ng3 Ne6 17.Nf5 O-O 18.Be3 Rfe8 19.a4 Bc5 20.axb5 axb5 21.Bxc5 Nxc5 
22.b4 Ne6 23.Qd2 Ne7 24.Ra6 Nc8 25.N3d4 Nb6 26.f4 Nc4 27.Qf2 c5 28.Nxe6 
Rxe6 29.Rea1 Rxa6 30.Rxa6 Bxf5 31.gxf5 d4 32.cxd4 cxd4 33.Bd3 Ne3 34.Qh4 
f6 35.exf6 gxf6 36.Qxf6 Qg7+ 37.Qg5 Qxg5+ 38.fxg5 Nd5 39.Bxb5 Nf4 40.Bc4+ 
Kh8 41.Rh6 d3 42.g6 Nxg6 43.fxg6 Kg7 44.Rxh7+ Kxg6 45.Rh4 d2 46.Be2 d1=Q+ 
47.Bxd1 Rxd1+ 48.Kf2 Kg5 49.Rg4+ Kf5 50.Ke3 Rb1 51.Kd3 Rb3+ 52.Kc4 Rxh3 
53.Rd4 Ke6 54.b5 1-0

[Event "14th EUR-ch"]
[Site "Legnica POL"]
[Date "2013.05.13"]
[Round "8"]
[White "Shimanov, Alexander"]
[Black "Kovalev, Vladislav"]
[Result "0-1"]
[WhiteElo "2639"]
[BlackElo "2523"]
[EventDate "2013.05.05"]
[PlyCount "108"]

1.d4 Nf6 2.c4 g6 3.g3 Bg7 4.Bg2 O-O 5.Nf3 d5 6.cxd5 Nxd5 7.O-O Nb6 8.Nc3 
Nc6 9.e3 Re8 10.a3 e5 11.d5 Na5 12.Qc2 c6 13.b4 Nac4 14.dxc6 bxc6 15.Ne4 
f5 16.Rd1 Qe7 17.Nc5 e4 18.Nd4 a5 19.Nxc6 Qc7 20.Nd4 axb4 21.Ncb3 Qe7 22.
a4 Ba6 23.Bd2 Rac8 24.Qa2 Ne5 25.Na5+ Qf7 26.Bxb4 Qxa2 27.Rxa2 Nd3 28.Bd2 
Nc4 29.Nxc4 Rxc4 30.Rb1 Rec8 31.h3 Bxd4 32.exd4 Nc1 33.Ra3 Ne2+ 34.Kh1 Rc2
35.Be3 Nc3 36.Rba1 Nd5 37.Kg1 Rb8 38.R3a2 Rxa2 39.Rxa2 Rb1+ 40.Kh2 Nxe3 
41.fxe3 Rb3 42.Rc2 Rxe3 43.d5 Ra3 44.d6 Kf7 45.Rc7+ Ke6 46.d7 Ke7 47.g4 e3
48.gxf5 gxf5 49.Rc1 Ra2 50.Rd1 Kd8 51.Kg1 Rxa4 52.Bc6 Rc4 53.Rd6 Rc1+ 54.
Kg2 Rxc6 0-1

[Event "14th EUR-ch"]
[Site "Legnica POL"]
[Date "2013.05.13"]
[Round "8"]
[White "Nepomnyaschy, Yan"]
[Black "Shengelia, David"]
[Result "1-0"]
[WhiteElo "2710"]
[BlackElo "2546"]
[EventDate "2013.05.05"]
[PlyCount "65"]

1.e4 c6 2.d4 d5 3.e5 Bf5 4.Nf3 e6 5.Be2 Ne7 6.O-O Nd7 7.Nbd2 Bg6 8.Nh4 Nf5
9.Nxg6 hxg6 10.Nf3 Be7 11.g3 Qb6 12.c3 c5 13.a4 a6 14.a5 Qa7 15.Qa4 cxd4 
16.cxd4 Rc8 17.Bd2 Rc6 18.Rfc1 Nb8 19.b4 Nxd4 20.Nxd4 Qxd4 21.Bxa6 Nxa6 
22.Rxc6 O-O 23.Rc2 Qxe5 24.Rca2 d4 25.b5 Nc5 26.Qc4 Ne4 27.a6 bxa6 28.bxa6
Bc5 29.Bb4 Bxb4 30.Qxb4 Rb8 31.Qxb8+ Qxb8 32.a7 Qa8 33.Rb2 1-0

[Event "14th EUR-ch"]
[Site "Legnica POL"]
[Date "2013.05.13"]
[Round "8"]
[White "Solak, Dragan"]
[Black "Korobov, Anton"]
[Result "0-1"]
[WhiteElo "2602"]
[BlackElo "2705"]
[EventDate "2013.05.05"]
[PlyCount "66"]

1.e4 c5 2.Nf3 Nc6 3.d4 cxd4 4.Nxd4 Qb6 5.Nb3 Nf6 6.Nc3 e6 7.Qe2 Bb4 8.Bd2 
O-O 9.a3 Be7 10.f4 d5 11.e5 Nd7 12.O-O-O Nc5 13.Nxc5 Qxc5 14.h4 Bd7 15.Qh5
Be8 16.Bd3 f5 17.Qe2 h5 18.Kb1 a6 19.Na2 Qb6 20.Ka1 Qc7 21.Qf2 b5 22.Be3 
b4 23.Bb6 Qb7 24.axb4 Nxb4 25.Nxb4 Bxb4 26.Qd4 Be7 27.Bc5 Bxc5 28.Qxc5 Bb5
29.Kb1 Rfc8 30.Qd4 Rab8 31.Bxb5 Qxb5 32.b3 a5 33.Kc1 Qxb3 0-1